Statystyki dla Jaka może być woda?

Kliknij tutaj aby rozwiązać quiz!

Ogólne statystyki

  • Ten quiz został rozwiązany 886 razy
  • Średni wynik to 4 z 8

Statystyki odpowiedzi

Odpowiedzi% Poprawnych
Gazowana
75%
Niegazowana
58%
Mineralna
55%
Zimna
54%
Ciepła
50%
Słona
42%
źródlana
38%
Utleniona
11%

Rozkład punktacji

Percentyl według liczby udzielonych odpowiedzi

Procent ludzi z każdym wynikiem

Twoja historia wyników

Nie rozwiązałeś tego quizu